Normal view
MARC view
Entry Término temático
001 - NÚMERO DE CONTROL
- campo de control: 31521
003 - IDENTIFICADOR DEL NÚMERO DE CONTROL
- campo de control: OSt
005 - FECHA Y HORA DE LA ÚLTIMA TRANSACCIÓN
- campo de control: 20190925161133.0
008 - DATOS DE LONGITUD FIJA
- campo de control de longitud fija: 190925|| aca||aabn | a|a d
040 ## - FUENTE DE LA CATALOGACIÓN
- Centro catalogador/agencia de origen: OSt
- Centro/agencia transcriptor: OSt
150 ## - ENCABEZAMIENTO--TÉRMINO DE MATERIA
- Término de materia o nombre geográfico como elemento de entrada: Rebeliones indígenas
670 ## - FUENTE DE DATOS ENCONTRADOS
- Cita de la fuente: Work cat.: (OSt)13231: Universidad Nacional de San Antonio Abad del Cusco. 15942, Extracto de las respuestas que dio a las preguntas que se le hicieron a El; insurgente José Condorcanqui; Tupac Amaro /, 1996.